[Event "EU-Cup 36th"]
[Site "Struga"]
[Date "2021.09.19"]
[Round "2.8"]
[White "Gjorgjieski, Dejan"]
[Black "Haarr, Jon Kristian"]
[Result "0-1"]
[WhiteElo "2125"]
[BlackElo "2162"]
[PlyCount "56"]
[EventDate "2021.09.18"]
[EventType "team-swiss"]
[EventRounds "7"]
[EventCountry "MKD"]
[SourceTitle "CBM 204 Extra"]
[Source "ChessBase"]
[SourceDate "2021.11.30"]
[SourceVersion "1"]
[SourceVersionDate "2021.11.30"]
[SourceQuality "1"]
[WhiteTeam "Prilep"]
[BlackTeam "Offerspill"]
[WhiteTeamCountry "MKD"]
[BlackTeamCountry "NOR"]

1. Nf3 c5 2. b3 d5 3. e3 Nc6 4. Bb2 Nf6 5. d4 Bg4 6. Be2 e6 7. 0-0 Be7 8. Nbd2 0-0 9. Ne5 Bxe2 10. Qxe2 Rc8 11. c4 cxd4 12. Nxc6 Rxc6 13. Bxd4 Qa5 14. a3 Qc7 15. cxd5 Nxd5 16. Nc4 Bf6 17. Bxf6 Nxf6 18. a4 Ne4 19. Qb2 Rc8 20. Rad1 Rc5 21. Rd4 Nf6 22. Rfd1 h6 23. h3 Rd5 24. Rxd5 exd5 25. Ne5 Ne4 26. Rxd5 Nc3 27. Rd7 Qxe5 28. Rxb7 Ne2+ 0-1

[Event "EU-Cup 36th"]
[Site "Struga"]
[Date "2021.09.18"]
[Round "1.8"]
[White "Haarr, Jon Kristian"]
[Black "Densing, Gerd"]
[Result "1-0"]
[WhiteElo "2162"]
[BlackElo "1762"]
[PlyCount "65"]
[EventDate "2021.09.18"]
[EventType "team-swiss"]
[EventRounds "7"]
[EventCountry "MKD"]
[SourceTitle "CBM 204 Extra"]
[Source "ChessBase"]
[SourceDate "2021.11.30"]
[SourceVersion "1"]
[SourceVersionDate "2021.11.30"]
[SourceQuality "1"]
[WhiteTeam "Offerspill"]
[BlackTeam "Echternach Sprenger"]
[WhiteTeamCountry "NOR"]
[BlackTeamCountry "LUX"]

1. e4 e6 2. d4 d5 3. e5 c5 4. c3 Nc6 5. Nf3 Bd7 6. Be2 cxd4 7. cxd4 Bb4+ 8. Kf1 Nge7 9. h4 Qc7 10. h5 Rc8 11. a3 Ba5 12. b4 Bb6 13. Bb2 a6 14. Bd3 Nf5 15. Bxf5 exf5 16. Nc3 Ne7 17. Rc1 Qb8 18. h6 g6 19. Qb3 Be6 20. g3 0-0 21. Kg2 Qa7 22. Ne2 Rc4 23. Nd2 Rxc1 24. Rxc1 g5 25. Qe3 f4 26. gxf4 Nf5 27. Qd3 g4 28. Rh1 Kh8 29. Rh5 Ne7 30. f5 Bd7 31. Ng3 Bb5 32. Qe3 Nc6 33. Qg5 1-0

[Event "Kvisla"]
[Site "Kvisla"]
[Date "2021.09.04"]
[Round "7"]
[White "Haarr, Jon Kristian"]
[Black "Torngren, Gustav"]
[Result "1-0"]
[WhiteElo "2162"]
[BlackElo "2169"]
[PlyCount "61"]
[EventDate "2021.08.26"]
[EventType "tourn"]
[EventRounds "9"]
[EventCountry "NOR"]
[EventCategory "1"]
[SourceTitle "CBM 204 Extra"]
[Source "ChessBase"]
[SourceDate "2021.11.30"]
[SourceVersion "1"]
[SourceVersionDate "2021.11.30"]
[SourceQuality "1"]

1. e4 c5 2. Nf3 g6 3. d4 Bg7 4. c3 cxd4 5. Bc4 d5 6. exd5 Bg4 7. cxd4 Nd7 8. Nc3 Ngf6 9. h3 Bxf3 10. Qxf3 0-0 11. 0-0 Nb6 12. Bb3 Qd7 13. Bf4 Rac8 14. Rfe1 Nc4 15. Re2 b5 16. Rae1 Rfe8 17. Be5 a6 18. g4 h6 19. d6 Nxd6 20. Nd5 Nh7 21. Bxd6 Ng5 22. Qg3 exd6 23. Ne7+ Rxe7 24. Rxe7 Qc6 25. d5 Qc5 26. h4 Nh7 27. Qf4 f5 28. gxf5 g5 29. Qe4 Be5 30. f6 Nf8 31. hxg5 1-0

[Event "Bergen op"]
[Site "Bergen"]
[Date "2014.10.12"]
[Round "5"]
[White "Gronnestad, Anita"]
[Black "Haarr, Jon Kristian"]
[Result "0-1"]
[WhiteElo "1921"]
[BlackElo "2188"]
[PlyCount "152"]
[EventDate "2014.10.10"]
[EventType "swiss"]
[EventRounds "5"]
[EventCountry "NOR"]
[SourceTitle "EXT 2015"]
[Source "ChessBase"]
[SourceDate "2014.11.20"]
[SourceVersion "1"]
[SourceVersionDate "2014.11.20"]
[SourceQuality "1"]

1. c4 Nf6 2. g3 e5 3. Bg2 d5 4. cxd5 Nxd5 5. Nc3 Nb6 6. Nf3 Nc6 7. d3 Be7 8. 0-0 0-0 9. a3 a5 10. Be3 Be6 11. Rc1 f5 12. Bxb6 cxb6 13. Nd2 Kh8 14. Qc2 Rc8 15. Qb1 Bg5 16. Rcd1 Rf7 17. Nc4 Bf6 18. Bh3 Nd4 19. e3 Nf3+ 20. Kh1 Rd7 21. Bg2 Ng5 22. b3 e4 23. d4 Bxc4 24. bxc4 Rxc4 25. Qb3 Rc6 26. Ne2 Qg8 27. Qxg8+ Kxg8 28. h4 Nf7 29. Rc1 Be7 30. a4 Rdc7 31. Rb1 Bb4 32. Nf4 Rd6 33. Rfd1 g6 34. f3 exf3 35. Bxf3 Rc3 36. Nd5 Ra3 37. Nxb4 axb4 38. Rxb4 Rxe3 39. Kg2 Nd8 40. Kf2 Ra3 41. Rd2 Nc6 42. Bxc6 bxc6 43. Rxb6 Rxa4 44. Rc2 Raxd4 45. Rbxc6 Rxc6 46. Rxc6 Kg7 47. Kf3 Kh6 48. Rc7 Rb4 49. Ra7 Rb8 50. Kf4 Re8 51. Kf3 Rg8 52. Kf4 Rg7 53. Ra6 Rb7 54. Kf3 Kh5 55. Ra3 Rb4 56. Rc3 h6 57. Rc5 Rb3+ 58. Kf4 g5+ 59. hxg5 hxg5+ 60. Kxf5 Rxg3 61. Rc8 Rf3+ 62. Ke4 Rf1 63. Rc3 Kg4 64. Ke5 Kh4 65. Rc8 g4 66. Rh8+ Kg3 67. Ke4 Kg2 68. Ke3 g3 69. Rg8 Rf7 70. Rg4 Kh2 71. Rh4+ Kg1 72. Rg4 g2 73. Ke2 Re7+ 74. Kf3 Kf1 75. Rxg2 Rf7+ 76. Kg3 Rg7+ 0-1

[Event "Bergen op"]
[Site "Bergen"]
[Date "2014.10.10"]
[Round "1"]
[White "Haarr, Jon Kristian"]
[Black "Tjensvoll, Tore"]
[Result "1-0"]
[WhiteElo "2188"]
[BlackElo "1886"]
[PlyCount "119"]
[EventDate "2014.10.10"]
[EventType "swiss"]
[EventRounds "5"]
[EventCountry "NOR"]
[SourceTitle "EXT 2015"]
[Source "ChessBase"]
[SourceDate "2014.11.20"]
[SourceVersion "1"]
[SourceVersionDate "2014.11.20"]
[SourceQuality "1"]

1. e4 c5 2. d4 cxd4 3. c3 d3 4. c4 Nc6 5. Bxd3 d6 6. Nc3 g6 7. Nge2 Bg7 8. 0-0 Nf6 9. h3 0-0 10. Be3 Ne5 11. f4 Nxd3 12. Qxd3 b6 13. Rad1 Ba6 14. b3 Nd7 15. Bd4 Nc5 16. Qe3 Qc8 17. Nd5 Re8 18. f5 Nd7 19. Qf2 gxf5 20. Qxf5 Ne5 21. Bxe5 Qxf5 22. exf5 Bxe5 23. Nc7 Bb7 24. Nxa8 Rxa8 25. Nf4 Kh8 26. Nd5 Rg8 27. Rd2 Rg3 28. Rff2 e6 29. fxe6 fxe6 30. Nf4 Re3 31. Kf1 Bc8 32. Ng6+ hxg6 33. Rf8+ Kg7 34. Rxc8 Bg3 35. Rd1 d5 36. cxd5 exd5 37. Rd8 d4 38. R8xd4 Re5 39. R4d3 Bh4 40. g3 Be7 41. Re1 Rf5+ 42. Kg2 Bc5 43. Re2 a5 44. h4 Kh6 45. g4 Rf7 46. Red2 Rf4 47. Kg3 Rf1 48. Rd7 g5 49. hxg5+ Kxg5 50. R7d5+ Kg6 51. Re2 Rg1+ 52. Rg2 Re1 53. Kf4 Rf1+ 54. Ke4 Re1+ 55. Kd3 Rc1 56. g5 Be7 57. Re2 Bc5 58. Rc2 Rd1+ 59. Kc4 Rg1 60. Kb5 1-0

[Event "NOR-ch Master"]
[Site "Trondheim"]
[Date "2014.07.12"]
[Round "1"]
[White "Kvamme, John Agnar"]
[Black "Haarr, Jon Kristian"]
[Result "1/2-1/2"]
[WhiteElo "2128"]
[BlackElo "2202"]
[PlyCount "96"]
[EventDate "2014.07.12"]
[EventType "swiss"]
[EventRounds "9"]
[EventCountry "NOR"]
[SourceTitle "EXT 2019"]
[Source "ChessBase"]
[SourceDate "2018.10.10"]
[SourceVersion "1"]
[SourceVersionDate "2018.10.10"]
[SourceQuality "1"]

1. Nf3 c5 2. c4 Nf6 3. g3 Nc6 4. Bg2 d5 5. cxd5 Nxd5 6. Nc3 e6 7. 0-0 Be7 8. Nxd5 exd5 9. d4 0-0 10. Be3 c4 11. b3 b5 12. a4 Ba6 13. Ne5 Na5 14. axb5 Bxb5 15. bxc4 Nxc4 16. Nxc4 Bxc4 17. Bf3 a5 18. Qa4 Bb4 19. Rfb1 h6 20. Kg2 Re8 21. Qd1 Qe7 22. Bc1 Rab8 23. e3 Rec8 24. Bd2 Rb7 25. Rb2 Rcb8 26. Qa4 Qc7 27. Rc1 Bxd2 28. Rxd2 Rb4 29. Qa3 Qb6 30. Ra1 a4 31. Bd1 Ra8 32. Qc3 Qb5 33. Bc2 Rc8 34. Qa3 Ra8 35. Qc3 Rc8 36. Qa3 Bb3 37. Bd3 Qb7 38. Rc1 Bc4 39. Bc2 g6 40. Ra1 Bb3 41. Bd3 Rb6 42. Rc1 Rbc6 43. Rb1 Rb6 44. Rc1 Rxc1 45. Qxc1 Qc6 46. Qa3 Qd6 47. Qxd6 Rxd6 48. Bc2 Rb6 1/2-1/2

[Event "Oslo op"]
[Site "Oslo"]
[Date "2012.10.01"]
[Round "2"]
[White "Haarr, Jon Kristian"]
[Black "Dolzhikova, Olga"]
[Result "1/2-1/2"]
[WhiteElo "2207"]
[BlackElo "2286"]
[PlyCount "97"]
[EventDate "2012.09.30"]
[EventType "swiss"]
[EventRounds "9"]
[EventCountry "NOR"]
[SourceTitle "CBM 150 Extra"]
[Source "ChessBase"]
[SourceDate "2012.10.19"]
[SourceVersion "1"]
[SourceVersionDate "2012.10.19"]
[SourceQuality "1"]

1. e4 e5 2. f4 exf4 3. Bc4 Nc6 4. d4 Nf6 5. e5 Ne4 6. Bxf4 Qh4+ 7. g3 Nxg3 8. Bxg3 Qe4+ 9. Kf2 Qxh1 10. Nc3 Ne7 11. Qd3 Qc6 12. Nf3 b5 13. Nxb5 a6 14. Nc3 Bb7 15. d5 Qg6 16. d6 Qxd3 17. cxd3 Nf5 18. Ng5 Nh6 19. Re1 0-0-0 20. Bxf7 Ng4+ 21. Kg1 h6 22. Nge4 cxd6 23. exd6 Kb8 24. Nc5 g5 25. Nxb7 Kxb7 26. Bd5+ Kb8 27. Re4 h5 28. Rb4+ Kc8 29. Bb7+ Kb8 30. Bf3+ Kc8 31. Na4 Re8 32. Nb6+ Kd8 33. Nc4 Kc8 34. Nb6+ Kd8 35. Rc4 Bxd6 36. Rc8+ Ke7 37. Nd5+ Kf7 38. Rxe8 Rxe8 39. Bxd6 Re1+ 40. Kg2 Rb1 41. Ba3 Ne5 42. Bxh5+ Ke6 43. Nb4 a5 44. Nc2 Nxd3 45. Bg4+ Ke5 46. Bxd7 Nxb2 47. Ne3 Nd3 48. Nc4+ Kd5 49. Ne3+ 1/2-1/2

[Event "Wch U20 51st"]
[Site "Athens"]
[Date "2012.08.12"]
[Round "10"]
[White "Carbone, Diego"]
[Black "Haarr, Jon Kristian"]
[Result "1-0"]
[WhiteElo "2069"]
[BlackElo "2245"]
[PlyCount "117"]
[EventDate "2012.08.02"]
[EventType "swiss"]
[EventRounds "13"]
[EventCountry "GRE"]
[SourceTitle "CBM 149 Extra"]
[Source "ChessBase"]
[SourceDate "2012.08.24"]
[SourceVersion "1"]
[SourceVersionDate "2012.08.24"]
[SourceQuality "1"]

1. d4 Nf6 2. c4 e5 3. dxe5 Ng4 4. e3 d6 5. exd6 Bxd6 6. Nf3 Nc6 7. Nc3 0-0 8. Be2 Re8 9. Nb5 Bb4+ 10. Bd2 Qe7 11. Bxb4 Nxb4 12. 0-0 b6 13. h3 Nf6 14. a3 Na6 15. Qc2 Bb7 16. Nc3 Nc5 17. Rad1 g6 18. Nd5 Nxd5 19. cxd5 Qd6 20. Bb5 Re7 21. b4 Ne4 22. Bc6 Rb8 23. Nd4 Ba6 24. Rfe1 Rf8 25. Ba4 f5 26. Ne6 Rf6 27. Qb2 Kf7 28. Bb3 h6 29. Rc1 Bb7 30. Nxc7 Rd7 31. Red1 f4 32. Nb5 Qf8 33. d6+ Kg7 34. Nc7 Kh7 35. Ne6 Qe8 36. Nxf4 g5 37. Nd5 Rfxd6 38. Nc3 Nd2 39. Bc2+ Kg8 40. Ba4 Qf7 41. Bxd7 Qxd7 42. Qc2 g4 43. Rxd2 Rxd2 44. Qg6+ Qg7 45. Qxg7+ Kxg7 46. Rd1 Rxd1+ 47. Nxd1 gxh3 48. gxh3 Bf3 49. Nc3 h5 50. h4 Kf6 51. Kh2 Ke5 52. Kg3 Bc6 53. f3 a6 54. Kf2 Kf5 55. e4+ Kf4 56. Ne2+ Ke5 57. Ke3 Bd7 58. Nf4 Be8 59. Nd5 1-0

[Event "Wch U20 51st"]
[Site "Athens"]
[Date "2012.08.08"]
[Round "7"]
[White "Haarr, Jon Kristian"]
[Black "Du Plessis, Heinco"]
[Result "1-0"]
[WhiteElo "2245"]
[BlackElo "2075"]
[PlyCount "37"]
[EventDate "2012.08.02"]
[EventType "swiss"]
[EventRounds "13"]
[EventCountry "GRE"]
[SourceTitle "CBM 149 Extra"]
[Source "ChessBase"]
[SourceDate "2012.08.24"]
[SourceVersion "1"]
[SourceVersionDate "2012.08.24"]
[SourceQuality "1"]

1. e4 c5 2. d4 cxd4 3. c3 dxc3 4. Nxc3 d6 5. Bc4 e6 6. Nf3 Nc6 7. 0-0 Be7 8. Qe2 Nf6 9. Rd1 e5 10. h3 0-0 11. b4 Nxb4 12. Nxe5 Qa5 13. Nf3 Be6 14. Nd5 Bxd5 15. exd5 Rfc8 16. Bd2 Rc5 17. Bd3 Qb6 18. Bxb4 Qxb4 19. Rab1 1-0

[Event "Wch U20 51st"]
[Site "Athens"]
[Date "2012.08.05"]
[Round "4"]
[White "Zeppos, Panagiotis"]
[Black "Haarr, Jon Kristian"]
[Result "0-1"]
[WhiteElo "1978"]
[BlackElo "2245"]
[PlyCount "88"]
[EventDate "2012.08.02"]
[EventType "swiss"]
[EventRounds "13"]
[EventCountry "GRE"]
[SourceTitle "CBM 149 Extra"]
[Source "ChessBase"]
[SourceDate "2012.08.24"]
[SourceVersion "1"]
[SourceVersionDate "2012.08.24"]
[SourceQuality "1"]

1. d4 d6 2. e4 g6 3. Nc3 Bg7 4. Nge2 Nd7 5. Be3 a6 6. f3 e6 7. Qd2 b5 8. h4 h5 9. a3 Nb6 10. Nf4 Ne7 11. 0-0-0 d5 12. Bd3 Bb7 13. Rdg1 c6 14. exd5 Nbxd5 15. Ncxd5 Nxd5 16. Nxd5 Qxd5 17. Be4 Qd6 18. Rd1 0-0-0 19. Bf4 Qxd4 20. Qxd4 Rxd4 21. Rxd4 Bxd4 22. c3 Bf6 23. Bd6 Rd8 24. Bc5 Be5 25. Be3 c5 26. Bxb7+ Kxb7 27. Bxc5 Bf4+ 28. Kb1 Rd2 29. g4 Kc6 30. Ba7 Kd5 31. gxh5 gxh5 32. Bb6 Kc4 33. Ka2 Be5 34. Ba5 Rf2 35. Bb6 Rxf3 36. Rd1 Rd3 37. Rf1 f6 38. Rf2 f5 39. Re2 Kd5 40. Bd8 f4 41. Kb3 f3 42. Rf2 Bg3 43. Rf1 f2 44. Kc2 Re3 0-1

[Event "NOR-ch"]
[Site "Sandefjord"]
[Date "2012.07.12"]
[Round "7.10"]
[White "Haarr, Jon Kristian"]
[Black "Thanke, Bror"]
[Result "1-0"]
[WhiteElo "2239"]
[BlackElo "2176"]
[PlyCount "61"]
[EventDate "2012.07.07"]
[EventType "swiss"]
[EventRounds "9"]
[EventCountry "NOR"]
[SourceTitle "CBM 149 Extra"]
[Source "ChessBase"]
[SourceDate "2012.08.24"]
[SourceVersion "1"]
[SourceVersionDate "2012.08.24"]
[SourceQuality "1"]

1. e4 c5 2. Nf3 e6 3. d4 cxd4 4. c3 d5 5. exd5 Qxd5 6. cxd4 Nf6 7. Nc3 Qd6 8. Bd3 Be7 9. 0-0 Nc6 10. Bg5 0-0 11. Re1 Nb4 12. Bb1 Rd8 13. a3 Nbd5 14. Ne5 Bd7 15. Nxd5 Qxd5 16. Bxf6 Bxf6 17. Bxh7+ Kf8 18. Be4 Qd6 19. Qh5 Be8 20. Rad1 Rab8 21. h3 b6 22. Nf3 g6 23. Qh7 Bc6 24. Bxc6 Qxc6 25. Ne5 Qb7 26. Rc1 Bxe5 27. dxe5 Rbc8 28. Qh8+ Ke7 29. Qf6+ Ke8 30. Red1 Rxc1 31. Qxd8# 1-0

[Event "NOR-ch"]
[Site "Sandefjord"]
[Date "2012.07.11"]
[Round "6.8"]
[White "Holm, Kristian Stuvik"]
[Black "Haarr, Jon Kristian"]
[Result "1-0"]
[WhiteElo "2310"]
[BlackElo "2239"]
[PlyCount "91"]
[EventDate "2012.07.07"]
[EventType "swiss"]
[EventRounds "9"]
[EventCountry "NOR"]
[SourceTitle "CBM 149 Extra"]
[Source "ChessBase"]
[SourceDate "2012.08.24"]
[SourceVersion "1"]
[SourceVersionDate "2012.08.24"]
[SourceQuality "1"]

1. c4 c6 2. Nf3 Nf6 3. Nc3 d5 4. d4 e6 5. Bg5 h6 6. Bxf6 Qxf6 7. e3 g6 8. Rc1 Nd7 9. Bd3 dxc4 10. Bxc4 Bg7 11. e4 e5 12. d5 0-0 13. 0-0 Nb6 14. dxc6 bxc6 15. Be2 Rd8 16. Qc2 Bb7 17. a4 Rac8 18. Rfd1 Nd7 19. a5 Qe7 20. Na4 Qb4 21. Bc4 c5 22. Rd6 Bc6 23. b3 Bxa4 24. bxa4 Nf8 25. Ra6 Qb7 26. Rb1 Qe7 27. h3 Kh7 28. Rd1 Rxd1+ 29. Qxd1 Rd8 30. Qb3 Rd7 31. Bd5 g5 32. Nd2 Ng6 33. g3 Qf8 34. Nf1 Rc7 35. Ne3 Qc8 36. Qc4 Qxh3 37. Bxf7 Nf4 38. gxf4 gxf4 39. Be6 Qh4 40. Bf5+ Kh8 41. Ng2 Qd8 42. Qd5 Qb8 43. Rd6 Qb1+ 44. Kh2 Bf8 45. Qxe5+ Rg7 46. Rxh6+ 1-0

[Event "Reykjavik op"]
[Site "Reykjavik"]
[Date "2012.03.12"]
[Round "8"]
[White "Edvardsen, Ragnar"]
[Black "Haarr, Jon Kristian"]
[Result "0-1"]
[WhiteElo "2045"]
[BlackElo "2226"]
[PlyCount "86"]
[EventDate "2012.03.06"]
[EventType "swiss"]
[EventRounds "9"]
[EventCountry "ISL"]
[SourceTitle "CBM 147 Extra"]
[Source "ChessBase"]
[SourceDate "2012.04.24"]
[SourceVersion "1"]
[SourceVersionDate "2012.04.24"]
[SourceQuality "1"]

1. e4 c6 2. d4 d5 3. e5 Bf5 4. Nc3 e6 5. g4 Bg6 6. Nge2 c5 7. Be3 Nc6 8. h4 h5 9. Nf4 Bh7 10. Nxh5 cxd4 11. Bxd4 Bxc2 12. Qxc2 Nxd4 13. Qa4+ Nc6 14. Bb5 Nge7 15. 0-0-0 a6 16. Ne4 Rxh5 17. Bxc6+ Nxc6 18. gxh5 b5 19. Qb3 Na5 20. Qf3 Qc8+ 21. Kb1 dxe4 22. Qxe4 Qc6 23. Qxc6+ Nxc6 24. f4 Ne7 25. Rh3 Rc8 26. Ra3 Nd5 27. Rxa6 Nxf4 28. Ra7 Nd5 29. Rc1 Rb8 30. Rc6 Be7 31. Rca6 Bxh4 32. Ra8 Rxa8 33. Rxa8+ Bd8 34. Rb8 b4 35. a4 bxa3 36. bxa3 Kd7 37. a4 Nc3+ 38. Kc2 Nxa4 39. Kd3 Nb6 40. Rb7+ Ke8 41. Kd4 Nd7 42. Rb5 Bc7 43. Ke4 Ke7 0-1

[Event "Reykjavik op"]
[Site "Reykjavik"]
[Date "2012.03.11"]
[Round "6"]
[White "Haarr, Jon Kristian"]
[Black "Ashley, Maurice"]
[Result "1/2-1/2"]
[WhiteElo "2226"]
[BlackElo "2452"]
[PlyCount "67"]
[EventDate "2012.03.06"]
[EventType "swiss"]
[EventRounds "9"]
[EventCountry "ISL"]
[SourceTitle "CBM 147 Extra"]
[Source "ChessBase"]
[SourceDate "2012.04.24"]
[SourceVersion "1"]
[SourceVersionDate "2012.04.24"]
[SourceQuality "1"]

1. e4 g6 2. d4 Bg7 3. Nc3 d6 4. f4 c6 5. Nf3 d5 6. e5 h5 7. Bd3 Bg4 8. h3 Bxf3 9. Qxf3 e6 10. Be3 h4 11. 0-0-0 Nd7 12. Kb1 Qe7 13. g4 hxg3 14. Qxg3 Qh4 15. Qg2 Ne7 16. f5 Nxf5 17. Bxf5 exf5 18. Bg5 Qh5 19. Ne2 Bh6 20. h4 Qg4 21. Qxg4 fxg4 22. Nf4 Nf8 23. Bxh6 Rxh6 24. Rdg1 Ke7 25. Rxg4 Ne6 26. Nxe6 Kxe6 27. Rf1 Rah8 28. Rff4 Ke7 29. c3 Rh5 30. Kc2 R5h7 31. Kb3 Ke6 32. Rf6+ Ke7 33. Rff4 Ke6 34. Rf6+ 1/2-1/2

[Event "Reykjavik op"]
[Site "Reykjavik"]
[Date "2012.03.10"]
[Round "5"]
[White "Gunnarsson, Jon Viktor"]
[Black "Haarr, Jon Kristian"]
[Result "1/2-1/2"]
[WhiteElo "2424"]
[BlackElo "2226"]
[PlyCount "44"]
[EventDate "2012.03.06"]
[EventType "swiss"]
[EventRounds "9"]
[EventCountry "ISL"]
[SourceTitle "CBM 147 Extra"]
[Source "ChessBase"]
[SourceDate "2012.04.24"]
[SourceVersion "1"]
[SourceVersionDate "2012.04.24"]
[SourceQuality "1"]

1. e4 c6 2. d4 d5 3. Nc3 dxe4 4. Nxe4 Nd7 5. Nf3 Ngf6 6. Ng3 e6 7. Bd3 Bd6 8. 0-0 0-0 9. Qe2 Qc7 10. c4 b6 11. b3 Bb7 12. Bb2 Rad8 13. Rad1 Rfe8 14. Ne5 c5 15. Nxd7 Nxd7 16. dxc5 Bxc5 17. Rfe1 Qf4 18. a3 Nf6 19. Be5 Qh4 20. Bxf6 Qxf6 21. Be4 Bxe4 22. Nxe4 Qe5 1/2-1/2

[Event "Reykjavik op"]
[Site "Reykjavik"]
[Date "2012.03.06"]
[Round "1"]
[White "Haarr, Jon Kristian"]
[Black "Hardarson, Jon Trausti"]
[Result "1-0"]
[WhiteElo "2226"]
[BlackElo "1688"]
[PlyCount "71"]
[EventDate "2012.03.06"]
[EventType "swiss"]
[EventRounds "9"]
[EventCountry "ISL"]
[SourceTitle "CBM 147 Extra"]
[Source "ChessBase"]
[SourceDate "2012.04.24"]
[SourceVersion "1"]
[SourceVersionDate "2012.04.24"]
[SourceQuality "1"]

1. e4 e5 2. f4 d5 3. exd5 exf4 4. Nf3 Nf6 5. Bb5+ c6 6. dxc6 Nxc6 7. d4 Qe7+ 8. Qe2 Qxe2+ 9. Kxe2 Bd6 10. d5 a6 11. Ba4 b5 12. dxc6 bxa4 13. Rd1 Bc7 14. Rd4 0-0 15. Bxf4 Re8+ 16. Kd1 Bb6 17. Rxa4 Bg4 18. Nbd2 Bf2 19. Kc1 Nd5 20. Bg3 Bxf3 21. Nxf3 Bxg3 22. hxg3 Re2 23. Rd4 Ne7 24. c7 Nf5 25. Rd8+ Re8 26. Rxa8 Rxa8 27. Kd2 Rc8 28. g4 Nd6 29. Re1 Rxc7 30. b3 g6 31. c4 f5 32. gxf5 Nxf5 33. Kc3 Kg7 34. g4 Nd6 35. Re6 Rc6 36. Re7+ 1-0

[Event "Oslo op"]
[Site "Oslo"]
[Date "2011.10.05"]
[Round "5"]
[White "Vaarala, Eric"]
[Black "Haarr, Jon Kristian"]
[Result "1/2-1/2"]
[WhiteElo "2226"]
[BlackElo "2211"]
[PlyCount "90"]
[EventDate "2011.10.02"]
[EventType "swiss"]
[EventRounds "9"]
[EventCountry "NOR"]
[SourceTitle "CBM 144 Extra"]
[Source "ChessBase"]
[SourceDate "2011.10.28"]
[SourceVersion "1"]
[SourceVersionDate "2011.10.28"]
[SourceQuality "1"]

1. e4 c6 2. Nf3 d5 3. Nc3 Bg4 4. h3 Bxf3 5. Qxf3 e6 6. d3 Nd7 7. Bd2 Ne7 8. g4 Ng6 9. Qg3 Be7 10. 0-0-0 Bh4 11. Qh2 Qb6 12. f4 0-0-0 13. Be2 Be7 14. f5 Nge5 15. d4 Nc4 16. Bxc4 dxc4 17. Rhe1 Qc7 18. Qxc7+ Kxc7 19. Bf4+ Kb6 20. Nb1 c5 21. d5 exd5 22. Nc3 Bh4 23. Nxd5+ Kc6 24. Re2 Nb6 25. Nxb6 axb6 26. Red2 Rxd2 27. Rxd2 Be7 28. Re2 Ra8 29. a3 c3 30. bxc3 Rxa3 31. Kb2 Ra4 32. g5 Bd6 33. Kb3 b5 34. Bxd6 Kxd6 35. e5+ Kd7 36. Rd2+ Ke7 37. f6+ gxf6 38. exf6+ Ke6 39. Re2+ Kf5 40. Re7 Kxg5 41. Rxf7 Rh4 42. Rxb7 Kxf6 43. Rxb5 c4+ 44. Kb4 h5 45. Rb8 Rxh3 1/2-1/2

[Event "Oslo op"]
[Site "Oslo"]
[Date "2011.10.02"]
[Round "1"]
[White "Houska, Jovanka"]
[Black "Haarr, Jon Kristian"]
[Result "1-0"]
[WhiteElo "2427"]
[BlackElo "2211"]
[PlyCount "73"]
[EventDate "2011.10.02"]
[EventType "swiss"]
[EventRounds "9"]
[EventCountry "NOR"]
[SourceTitle "CBM 144 Extra"]
[Source "ChessBase"]
[SourceDate "2011.10.28"]
[SourceVersion "1"]
[SourceVersionDate "2011.10.28"]
[SourceQuality "1"]

1. d4 Nf6 2. Nf3 c5 3. d5 b5 4. Bg5 Ne4 5. Bf4 Qa5+ 6. c3 Bb7 7. Qd3 f5 8. Nbd2 e6 9. Nxe4 fxe4 10. Qxe4 Bxd5 11. Qc2 Be7 12. e3 Bf6 13. e4 Bb7 14. e5 Be7 15. Bd3 Rf8 16. Be3 Nc6 17. Bxh7 0-0-0 18. Be4 Qc7 19. a4 a6 20. axb5 axb5 21. Qe2 c4 22. 0-0 g5 23. h3 g4 24. hxg4 d5 25. exd6 Bxd6 26. Rfd1 Rh8 27. Bg5 Rdf8 28. Qe3 Kb8 29. Bh6 Rfg8 30. Bxc6 Bxc6 31. Rxd6 Rxh6 32. Rxc6 Qxc6 33. Qxh6 Rxg4 34. Qf8+ Kc7 35. Ra7+ Kb6 36. Qb8+ Kc5 37. Rc7 1-0

[Event "Fagernes Norsk op-A"]
[Site "Fagernes"]
[Date "2011.04.23"]
[Round "9"]
[White "Westerinen, Heikki MJ"]
[Black "Haarr, Jon Kristian"]
[Result "1/2-1/2"]
[WhiteElo "2358"]
[BlackElo "2204"]
[PlyCount "28"]
[EventDate "2011.04.17"]
[EventType "swiss"]
[EventRounds "9"]
[EventCountry "NOR"]
[SourceTitle "CBM 141 Extra"]
[Source "ChessBase"]
[SourceDate "2011.05.03"]
[SourceVersion "1"]
[SourceVersionDate "2011.05.03"]
[SourceQuality "1"]

1. e4 c6 2. d4 d5 3. Nc3 dxe4 4. Nxe4 Nd7 5. Bc4 Ngf6 6. Nxf6+ Nxf6 7. c3 e6 8. Bf4 Bd6 9. Bxd6 Qxd6 10. Nf3 b6 11. Qe2 Bb7 12. 0-0 0-0 13. Ba6 Bxa6 14. Qxa6 Rfd8 1/2-1/2

[Event "Fagernes Norsk op-A"]
[Site "Fagernes"]
[Date "2011.04.17"]
[Round "6"]
[White "Haarr, Jon Kristian"]
[Black "Arndt, Uwe"]
[Result "1-0"]
[WhiteElo "2204"]
[BlackElo "2021"]
[PlyCount "97"]
[EventDate "2011.04.17"]
[EventType "swiss"]
[EventRounds "9"]
[EventCountry "NOR"]
[SourceTitle "CBM 141 Extra"]
[Source "ChessBase"]
[SourceDate "2011.05.03"]
[SourceVersion "1"]
[SourceVersionDate "2011.05.03"]
[SourceQuality "1"]

1. e4 c6 2. d4 d5 3. e5 c5 4. Nf3 Bg4 5. c4 cxd4 6. Qa4+ Qd7 7. Qxd7+ Nxd7 8. Nxd4 Nxe5 9. cxd5 0-0-0 10. Nc3 e6 11. f4 Nd7 12. h3 Bc5 13. Nb3 Bf5 14. Nxc5 Nxc5 15. Be3 Ne4 16. Nxe4 Bxe4 17. dxe6 fxe6 18. Bxa7 Ne7 19. Rc1+ Nc6 20. Rh2 Rhe8 21. g4 g6 22. b4 Kd7 23. Rd2+ Bd5 24. Bc5 b6 25. Bxb6 Rb8 26. Bc5 Nxb4 27. a4 Rec8 28. Bb5+ Nc6 29. Ba3 Rb6 30. Kf2 Ke8 31. Bc5 Rbb8 32. Bd6 Rb6 33. Rc5 Kd7 34. Be5 Rf8 35. Kg3 Ra8 36. a5 Rxb5 37. Rxb5 Nxa5 38. Rb8 Ra7 39. Rh8 Kc6 40. Rc2+ Nc4 41. Kh4 Kb5 42. Rb8+ Kc5 43. Rc8+ Kb4 44. Rc7 Ra6 45. Rxh7 Nxe5 46. fxe5 g5+ 47. Kxg5 Be4 48. Rhc7 Bxc2 49. Rxc2 1-0

[Event "Fagernes Norsk op-A"]
[Site "Fagernes"]
[Date "2011.04.17"]
[Round "4"]
[White "Johansen, Stian"]
[Black "Haarr, Jon Kristian"]
[Result "1/2-1/2"]
[WhiteElo "1938"]
[BlackElo "2204"]
[PlyCount "96"]
[EventDate "2011.04.17"]
[EventType "swiss"]
[EventRounds "9"]
[EventCountry "NOR"]
[SourceTitle "CBM 141 Extra"]
[Source "ChessBase"]
[SourceDate "2011.05.03"]
[SourceVersion "1"]
[SourceVersionDate "2011.05.03"]
[SourceQuality "1"]

1. d4 d5 2. c4 c6 3. Nf3 Nf6 4. Nc3 e6 5. e3 Nbd7 6. Bd3 dxc4 7. Bxc4 b5 8. Bd3 Bb7 9. 0-0 a6 10. h3 c5 11. Qe2 Be7 12. Rd1 Qc7 13. e4 cxd4 14. Nxd4 0-0 15. Bg5 Rac8 16. Rac1 Qb8 17. a3 Rfd8 18. Nb3 Nf8 19. e5 Nd5 20. Bxe7 Nxe7 21. f4 Nfg6 22. Qf2 Nd5 23. Nxd5 Bxd5 24. Nc5 Qa8 25. b4 Ne7 26. Qh4 Ng6 27. Qf2 Qa7 28. Bxg6 hxg6 29. Rd2 a5 30. Rcd1 axb4 31. axb4 Ra8 32. Qd4 Qa3 33. Kf2 Kh7 34. Ne4 Bxe4 35. Qxe4 Rxd2+ 36. Rxd2 Qa7+ 37. Qd4 Qxd4+ 38. Rxd4 Ra2+ 39. Kf3 Rb2 40. g4 Rb3+ 41. Kg2 g5 42. fxg5 Kg6 43. h4 Re3 44. Rf4 Rxe5 45. Kf3 Re1 46. Re4 Rf1+ 47. Kg3 Rb1 48. Kf3 Rf1+ 1/2-1/2